WTO and technical barriers to trade (Record no. 499626)

MARC details
000 -LEADER
fixed length control field 00840nam a2200277Ia 4500
003 - CONTROL NUMBER IDENTIFIER
control field OSt
005 - DATE AND TIME OF LATEST TRANSACTION
control field 20220925181551.0
008 - FIXED-LENGTH DATA ELEMENTS--GENERAL INFORMATION
fixed length control field 220923b |||||||| |||| 00| 0 eng d
020 ## - INTERNATIONAL STANDARD BOOK NUMBER
International Standard Book Number 1845420497
037 ## - SOURCE OF ACQUISITION
Terms of availability General Book
040 ## - CATALOGING SOURCE
Original cataloging agency RTL
Transcribing agency RTL
Language of cataloging eng
041 ## - LANGUAGE CODE
Source of code eng
Language code of text/sound track or separate title eng
100 ## - MAIN ENTRY--PERSONAL NAME
Personal name Henson Spencer
9 (RLIN) 254168
245 #0 - TITLE STATEMENT
Title WTO and technical barriers to trade
260 ## - PUBLICATION, DISTRIBUTION, ETC.
Place of publication, distribution, etc. Cheltenham
Name of publisher, distributor, etc. Edwrad Elgar
Date of publication, distribution, etc. 2005
300 ## - PHYSICAL DESCRIPTION
Extent xi,531p
Dimensions cm.
490 ## - SERIES STATEMENT
Series statement Critical Perspectives on the Global Trading System and the WTO
500 ## - GENERAL NOTE
General note Bibliography chapterwise
650 ## - SUBJECT ADDED ENTRY--TOPICAL TERM
Topical term or geographic name entry element Foreign Trade
700 ## - ADDED ENTRY--PERSONAL NAME
Personal name Wilson John S Ed.
9 (RLIN) 254169
942 ## - ADDED ENTRY ELEMENTS (KOHA)
Classification part X:54.1,hN95, P5
Koha item type General Books
Source of classification or shelving scheme Colon Classification (CC)
Holdings
Withdrawn status Lost status Damaged status Not for loan Home library Current library Date acquired Total Checkouts Full call number Barcode Date last seen Price effective from Koha item type
        Ratan Tata Library Ratan Tata Library 2022-09-25   X:54.1,hN95 P5 RT1324985 2022-09-25 2022-09-25 General Books
Copyright @ Delhi University Library System